书目信息 |
| 题名: |
Java设计模式及实践
|
|
| 作者: | 辛格 , 伊恩库列斯库 , 托尔耶 著 ;张小坤 , 黄凯 , 贺涛 译 | |
| 分册: | ||
| 出版信息: | 北京 机械工业出版社 2019 |
|
| 页数: | 12,206页 | |
| 开本: | 24cm | |
| 丛书名: | Java核心技术系列 | |
| 单 册: | ||
| 中图分类: | TP312JA | |
| 科图分类: | ||
| 主题词: | JAVA语言--程序设计 | |
| 电子资源: | ||
| ISBN: | 978-7-111-62943-6 | |
| 000 | 01497nam0 2200361 450 | |
| 001 | 010328677 | |
| 005 | 20190822092707.0 | |
| 010 | @a978-7-111-62943-6@dCNY79.00 | |
| 100 | @a20190729d2019 em y0chiy0120 ea | |
| 101 | 1 | @achi@ceng |
| 102 | @aCN@b110000 | |
| 105 | @ay z 000yy | |
| 106 | @ar | |
| 200 | 1 | @aJava设计模式及实践@9Java she ji mo shi ji shi jian@dDesign patterns and best practices in Java@f(印度)卡马尔米特·辛格(Kamalmeet Singh),(荷兰)艾德里安·伊恩库列斯库(Adrian Lanculescu),(罗马尼亚)路西安-保罗·托尔耶(Lucian-Paul Torje)著@g张小坤,黄凯,贺涛译@zeng |
| 210 | @a北京@c机械工业出版社@d2019 | |
| 215 | @a12,206页@d24cm | |
| 225 | 1 | @aJava核心技术系列 |
| 300 | @a华章IT | |
| 305 | @a由Packt Publishing授权出版 | |
| 330 | @a本书讲述了Java的理论知识并提供了大量的设计模式实现源码,以及Java语言的新版本所引入的特性,并针对其在经典设计模式中的应用进行了探索,有助于提高读者的Java语言实战经验。 | |
| 461 | 0 | @12001 @aJava核心技术系列 |
| 510 | 1 | @aDesign patterns and best practices in Java@zeng |
| 586 | @a | |
| 606 | 0 | @aJAVA语言@x程序设计 |
| 690 | @aTP312JA@v5 | |
| 701 | 0 | @c(印)@a辛格@9xin ge@c(Singh, Kamalmeet)@4著 |
| 701 | 0 | @c(荷)@a伊恩库列斯库@9yi en ku lie si ku@c(Lanculescu, Adrian)@4著 |
| 701 | 0 | @c(罗马尼亚)@a托尔耶@9tuo er ye@c(Torje, Lucian-Paul)@4著 |
| 702 | 0 | @a张小坤@9zhang xiao kun@4译 |
| 702 | 0 | @a黄凯@9huang kai@4译 |
| 702 | 0 | @a贺涛@9he tao@4译 |
| 801 | 0 | @aCN@c20190911 |
| 905 | @dTP312JA@eX510@f3@sTP312JA/X510@S@Z | |
| Java设计模式及实践=Design patterns and best practices in Java/(印度)卡马尔米特·辛格(Kamalmeet Singh),(荷兰)艾德里安·伊恩库列斯库(Adrian Lanculescu),(罗马尼亚)路西安-保罗·托尔耶(Lucian-Paul Torje)著/张小坤,黄凯,贺涛译.-北京:机械工业出版社,2019 |
| 12,206页;24cm.-(Java核心技术系列) |
| 华章IT |
| ISBN 978-7-111-62943-6:CNY79.00 |
| 本书讲述了Java的理论知识并提供了大量的设计模式实现源码,以及Java语言的新版本所引入的特性,并针对其在经典设计模式中的应用进行了探索,有助于提高读者的Java语言实战经验。 |
| ● |
| 相关链接 |
|
|
|
正题名:Java设计模式及实践
索取号:TP312JA/X510
 
预约/预借
| 序号 | 登录号 | 条形码 | 馆藏地/架位号 | 状态 | 备注 |
| 1 | 21619442 | 216194428 | 自科库301/301自科库 79排2列5层/ [索取号:TP312JA/X510] | 在馆 | |
| 2 | 21619443 | 216194437 | 自科库301/301自科库 85排1列3层/ [索取号:TP312JA/X510] | 在馆 | |
| 3 | 21619444 | 216194446 | 自科库301/301自科库 85排1列3层/ [索取号:TP312JA/X510] | 在馆 |